| 000 | 00950cam a2200253 a 4500 | ||
|---|---|---|---|
| 001 | 1580 | ||
| 005 | 20240221125715.0 | ||
| 020 | _a9780545617437 | ||
| 040 |
_aDLC _cDLC _dDLC _dDLC _beng |
||
| 050 | 0 | 0 |
_aPN6727.F495 _bZ75 2012 |
| 082 | 0 | 0 |
_a741.5/973 _aB _223 |
| 100 | 1 | _aNobleman, Marc Tyler. | |
| 245 | 1 | 0 |
_aBill the boy wonder : _bthe secret co-creator of Batman / _cMarc Tyler Nobleman ; illustrated by Ty Templeton. |
| 260 |
_aWatertown, MA : _bScholastic _c2012 |
||
| 300 |
_a48 unnumbered pages : _bcolor illustrations ; _c29 cm |
||
| 505 | _aZ | ||
| 520 | _aRecounts the life of the unrecognized co-creator of the Batman comic strip and details the author's quest to find out more about him. | ||
| 521 |
_a970
_bLexile |
||
| 521 |
_aZ
_bRaz-Plus |
||
| 650 | 0 |
_aCartoonists _zUnited States _vBiography _vJuvenile literature. |
|
| 700 | 1 | _aTempleton, Ty | |
| 906 |
_a7 _bcbc _corignew _d1 _eecip _f20 _gy-gencatlg |
||
| 942 |
_2ddc _cBK _n0 |
||
| 999 |
_c1580 _d1580 |
||